Fotografía del Salitre. Provincia de Antofagasta y Departamento de Tocopilla
সংরক্ষণ করুন:
| প্রধান লেখক: | , |
|---|---|
| বিন্যাস: | গ্রন্থ |
| ভাষা: | স্প্যানিশ |
| প্রকাশিত: |
Santiago
Orígenes
2003
|
| সংস্করন: | 1a. ed |
| বিষয়গুলি: | |
| ট্যাগগুলো: |
ট্যাগ যুক্ত করুন
কোনো ট্যাগ নেই, প্রথমজন হিসাবে ট্যাগ করুন!
|
MARC
| LEADER | 00000nam a2200000 a 4500 | ||
|---|---|---|---|
| 001 | UCJ8783 | ||
| 003 | CL-VaPUC | ||
| 008 | 070124e20030300CL |||||||||||||||||spa|d | ||
| 020 | |a 9567643156 | ||
| 082 | 0 | 4 | |a 770.983 |b OJE |2 21 |
| 100 | |a Ojeda Ruminot, Humberto |e autor |9 518022 | ||
| 700 | 0 | |a Burgos Cuthbert, Guillermo |e author |9 518023 | |
| 245 | 1 | 0 | |a Fotografía del Salitre. Provincia de Antofagasta y Departamento de Tocopilla |
| 250 | |a 1a. ed | ||
| 300 | |a 141 p | ||
| 942 | |c BK | ||
| 945 | |d 20070124 00:00:00 |a fvergara | ||
| 260 | |a Santiago |b Orígenes |c 2003 | ||
| 600 | 0 | 7 | |a SALITRERA CHACABUCO |2 CL-VaPUC |9 518024 |
| 600 | 0 | 7 | |a SALITRERA MARIA ELENA |2 CL-VaPUC |9 518025 |
| 600 | 0 | 7 | |a SALITRERA PEDRO DE VALDIVIA |2 CL-VaPUC |9 518026 |
| 600 | 0 | 7 | |a THE LAUTARO NITRATE COMPANY LIMITED |2 CL-VaPUC |9 518027 |
| 600 | 0 | 7 | |a THE ANGLO CHILEAN CONSOLIDATED NITRATE CORPORATION |2 CL-VaPUC |9 518028 |
| 650 | 0 | |a Fotografías |9 268494 | |
| 650 | 0 | |a Industria salitrera |9 440309 | |
| 650 | 0 | |a Oficinas salitreras |9 517885 | |
| 651 | 7 | |a ANTOFAGASTA |2 CL-VaPUC |9 319270 | |
| 651 | 7 | |a TARAPACA |2 CL-VaPUC |9 268304 | |
| 583 | |a last modification |c 20070124 00:00:00 |k Rodrigo Vera | ||
| 999 | |c 324435 |d 324433 | ||
| 952 | |0 0 |1 0 |4 0 |6 770_983000000000000_OJE_2003 |7 0 |8 X |9 404547 |a FDOBUD |b FDOBUD |d 2019-11-22 |i 1084089 |o 770.983 OJE 2003 |p 1084089 |r 2019-11-22 |w 2019-11-22 |y BK_X |k BUD | ||